000 00933nam a2200277Ia 4500
003 OSt
005 20221006153408.0
006 a|||||r|||| 00| 0
007 ta
008 221006b |||||||| |||| 00| 0 eng d
020 _c¥25,000
024 _a32,212
037 _bGift, Japan Foundation
_cTextual
040 _aEASL
_cEASL
_beng
041 _2eng
_aeng
082 _aZ42, qP5
100 _aNakane Fukio
_9663696
245 0 _aEHS Law bulletin series
_b Jappn - Roppo
260 _aTokyo
_bEibun-Horeisha Japan
_c2005
300 _aMisc.
_ccm.
490 _v JEL
_aEHS Law Bulletin Series
500 _aConstitution of Japan, November 3, 1946; Civil Code; Commercial Code; Code of Civil Procedure; Penal Code; Code of Criminal Procedure
700 _a Eibun-Horeisha Tr.
_9663697
942 _hZ42, qP5
_cTEXL
_2CC
999 _c1100298
_d1100298